2019 MLB Network Top 100 Players Right Now - Statistics

General Stats
  • This quiz has been taken 19 times
  • The average score is 53 of 100
Answer Stats
Rank Team Position Player % Correct
12. NYY OF Aaron Judge
100%
4. CLE SS Francisco Lindor
100%
17. ATL 1B Freddie Freeman
100%
6. HOU 2B Jose Altuve
100%
1. LAA OF Mike Trout
100%
2. BOS OF Mookie Betts
100%
7. HOU 3B Alex Bregman
90%
15. PHI OF Bryce Harper
90%
8. MIL OF Christian Yelich
90%
19. NYY OF Giancarlo Stanton
90%
10. NYM SP Jacob deGrom
90%
29. CHC SS Javier Baez
90%
18. CIN 1B Joey Votto
90%
9. CLE 3B Jose Ramirez
90%
14. SDP 3B Manny Machado
90%
5. WAS SP Max Scherzer
90%
3. COL 3B Nolan Arenado
90%
35. ATL OF Ronald Acuna Jr.
90%
73. NYY RP Aroldis Chapman
80%
31. HOU SS Carlos Correa
80%
13. BOS SP Chris Sale
80%
36. WAS OF Juan Soto
80%
22. LAD 3B Justin Turner
80%
20. HOU SP Justin Verlander
80%
32. CHC 3B Kris Bryant
80%
27. OAK 3B Matt Chapman
80%
16. STL 1B Paul Goldschmidt
80%
81. LAA DH/SP Shohei Ohtani
80%
84. WAS SS Trea Turner
80%
21. WAS 3B Anthony Rendon
70%
34. CHC 1B Anthony Rizzo
70%
26. TBR SP Blake Snell
70%
25. LAD SP Clayton Kershaw
70%
42. HOU SP Gerrit Cole
70%
11. BOS DH JD Martinez
70%
46. BOS SS Xander Bogaerts
70%
24. PHI SP Aaron Nola
60%
44. LAD OF Cody Bellinger
60%
23. CLE SP Corey Kluber
60%
48. LAD SS Corey Seager
60%
77. CHW 1B Jose Abreu
60%
40. PHI C JT Realmuto
60%
58. OAK 1B Matt Olson
60%
30. COL SS Trevor Story
60%
37. HOU OF George Springer
50%
28. MIL OF Lorenzo Cain
50%
63. LAD 1B Max Muncy
50%
80. WAS SP Stephen Strasburg
50%
41. CLE SP Trevor Bauer
50%
71. ARI SP Zack Greinke
50%
92. SFG C Buster Posey
40%
66. CLE SP Carlos Carrasco
40%
38. COL OF Charlie Blackmon
40%
53. CHC RP Craig Kimbrel
40%
100. BOS SP David Price
40%
52. NYM RP Edwin Diaz
40%
50. CIN 3B Eugenio Suarez
40%
93. NYY C Gary Sanchez
40%
69. NYY 2B Gleyber Torres
40%
61. ATL 3B Josh Donaldson
40%
51. MIL RP Josh Hader
40%
88. LAD RP Kenley Jansen
40%
57. OAK DH Khris Davis
40%
43. NYY SP Luis Severino
40%
74. MIN DH Nelson Cruz
40%
79. NYM SP Noah Syndergaard
40%
85. ATL 2B Ozzie Albies
40%
47. LAA SS Andrelton Simmons
30%
56. BOS OF Andrew Benintendi
30%
95. PHI OF Andrew McCutchen
30%
55. NYM OF Brandon Nimmo
30%
62. MIL 1B Jesus Aguilar
30%
98. CHC SP Jon Lester
30%
64. COL SP Kyle Freeland
30%
99. SFG SP Madison Bumgarner
30%
76. STL OF Marcell Ozuna
30%
75. HOU OF Michael Brantley
30%
91. NYY 3B Miguel Andujar
30%
82. CLE SP Mike Clevinger
30%
87. DET OF Nick Castellanos
30%
54. NYM 2B Robinson Cano
30%
68. NYY OF Aaron Hicks
20%
72. OAK RP Blake Treinen
20%
86. ARI OF David Peralta
20%
67. LAA OF Justin Upton
20%
33. STL 3B Matt Carpenter
20%
60. NYM OF Michael Conforto
20%
39. SEA OF Mitch Haniger
20%
78. WAS SP Patrick Corbin
20%
59. PHI 1B Rhys Hoskins
20%
70. CIN 2B Scooter Gennett
20%
89. WAS RP Sean Doolittle
20%
97. OAK OF Stephen Piscotty
20%
45. TBR OF Tommy Pham
20%
94. MIL 3B Travis Shaw
20%
49. KCR 2B Whit Merrifield
20%
90. CIN OF Yasiel Puig
20%
96. MIL C Yasmani Grandal
20%
83. PHI SS Jean Segura
10%
65. LAD SP Walker Buehler
10%
No matching quizzes found
Score Distribution
Percent of People with Each Score
Percentile by Number Answered
Your Score History
You have not taken this quiz